000 00802nmm a2200265 a 4500
001 ocm000708961
003 TR-IsHL
005 20201028142914.0
008 140118s2012 tu tur
007 cr cn
020 _a9786054543465
035 _a708961
_b(N$T)
050 0 4 _aPL248.B35
_bÇ46 2012
090 0 4 _aPL248.B35
_bÇ46 2012
100 1 _aBal, Oğuz
245 1 0 _aÇerçi
_h[electronic resource] /
_cOğuz Bal
260 _aİstanbul :
_bKavim Yayınları,
_c2012
300 _a146 p.
650 4 _aDil ve Edebiyat
650 4 _aLanguage and Literature
650 0 _aTürk şiiri
650 0 _aTurkish poetry
650 7 _aLITERARY COLLECTIONS / Middle Eastern
_2bisacsh
856 4 0 _uhttp://search.ebscohost.com/login.aspx?direct=true&scope=site&db=e011xww&AN=708961
999 _c8612
_d8612